[Event "Let's Play Chess!"]
[Site "http://www.queenalice.com/game.php?id=242760"]
[Date "2007.7.20"]
[Round "-"]
[White "Flunton"]
[Black "catboom"]
[Result "0-1"]
[WhiteElo "1935"]
[BlackElo "2041"]

1. d4 e6 2. c4 f5 3. Nc3 Nf6 4. Bf4 d5 5. cxd5 exd5 6. h3 c6 7. e3 Be7 8. Bd3
O-O 9. Nf3 Ne4 10. Bxe4 fxe4 11. Nd2 Nd7 12. O-O Nf6 0-1

[Event "Challenge"]
[Site "http://www.queenalice.com/game.php?id=242822"]
[Date "2007.7.20"]
[Round "-"]
[White "johnrbrown"]
[Black "catboom"]
[Result "1-0"]
[WhiteElo "1769"]
[BlackElo "1968"]

1. d4 e6 2. Nc3 f5 3. e4 d5 4. exf5 exf5 5. Qf3 c6 6. Bf4 Nf6 7. O-O-O Be7 8.
Nh3 O-O 9. Bd3 Ne4 10. Qe2 Nxc3 11. bxc3 Ba3+ 12. Kd2 Qa5 13. Rb1 b5 14. Rb3 Na6
15. Rhb1 Bd7 16. Kd1 Rae8 17. Qf1 Be7 18. Bd2 Qxa2 19. Bc1 Nc7 20. Nf4 Bd6 21.
g3 Qa6 22. Qh3 g5 23. Ng2 Be7 24. g4 Qc8 25. Ne3 Rf7 26. gxf5 Ref8 27. Kd2 a5
28. Ba3 1-0

[Event "Challenge"]
[Site "http://www.queenalice.com/game.php?id=242823"]
[Date "2007.7.20"]
[Round "-"]
[White "catboom"]
[Black "karpano"]
[Result "1-0"]
[WhiteElo "2009"]
[BlackElo "1749"]

1. d4 Nf6 2. c4 e6 3. Nc3 d5 4. Bg5 Nbd7 5. Nf3 Be7 6. e3 O-O 7. Qc2 Re8 8. Rc1
b6 9. cxd5 exd5 10. Bd3 g6 11. Ne5 Nxe5 12. dxe5 Nd7 13. Bxe7 Qxe7 14. Nxd5 Qxe5
15. Nxc7 Bb7 16. Nxe8 Bxg2 17. Nc7 Bxh1 18. Nxa8 Qxh2 19. Qc8+ Kg7 20. Qxd7 Qg1+
21. Bf1 Bxa8 22. Rc7 Bg2 23. Qxf7+ Kh6 24. Qf4+ g5 25. Qd6+ 1-0

[Event "Let's Play Chess!"]
[Site "http://www.queenalice.com/game.php?id=243472"]
[Date "2007.7.22"]
[Round "-"]
[White "catboom"]
[Black "Andromaca"]
[Result "1-0"]
[WhiteElo "1938"]
[BlackElo "1788"]

1. d4 d5 2. c4 Nf6 3. Nc3 dxc4 4. Nf3 e6 5. e3 Bb4 6. Bxc4 Bxc3+ 7. bxc3 O-O 8.
O-O c6 9. Qc2 b5 10. Bd3 a5 11. e4 g6 12. Bg5 Nbd7 13. e5 Ba6 14. exf6 Nxf6 15.
Ne5 Qd6 16. Bxf6 c5 17. Nf3 c4 18. Be4 Ra7 19. Qd2 Rc8 20. Qh6 Qf8 21. Qxf8+
Kxf8 22. a3 Bb7 23. Bxb7 Rxb7 24. Rab1 h5 25. Ng5 Kg8 26. Ne4 Rc6 27. Nc5 Rb8
28. Be5 Rbb6 29. Nd7 Rb7 30. Nf6+ Kf8 31. Rb2 Ke7 32. Rfb1 b4 33. axb4 a4 34.
Ra2 Ra6 35. Ne4 Rb5 36. Nc5 Ra7 37. Rxa4 Rxa4 38. Nxa4 f6 39. Bf4 g5 40. Be3 Kd6
41. Nc5 g4 42. Ra1 e5 43. Ra6+ Kd5 44. dxe5 fxe5 45. Ra5 Rxa5 46. bxa5 Kc6 47.
a6 Kb6 48. Nd7+ Kxa6 49. Nxe5 1-0

[Event "Let's Play Chess!"]
[Site "http://www.queenalice.com/game.php?id=244420"]
[Date "2007.7.24"]
[Round "-"]
[White "catboom"]
[Black "spawnwolfwolverine"]
[Result "1-0"]
[WhiteElo "2001"]
[BlackElo "1789"]

1. d4 d5 2. c4 dxc4 3. Nf3 g6 4. Nc3 Bh6 5. Bxh6 Nxh6 6. e4 O-O 7. Bxc4 e6 8. h3
b6 9. O-O Ba6 10. Bxa6 Nxa6 11. Qe2 Nb8 12. Qe3 Kg7 13. Rfd1 Nd7 14. Rac1 c5 15.
dxc5 bxc5 16. Ne2 Qb6 17. Rxd7 Rfd8 18. Rxd8 Rxd8 19. Qxc5 Qxc5 20. Rxc5 Rd1+
21. Kh2 Rf1 22. Kg3 f5 23. Rc7+ Kf6 24. e5# 1-0

[Event "Let's Play Chess!"]
[Site "http://www.queenalice.com/game.php?id=245024"]
[Date "2007.7.24"]
[Round "-"]
[White "catboom"]
[Black "colognestar"]
[Result "1-0"]
[WhiteElo "2019"]
[BlackElo "2025"]

1. d4 Nf6 2. c4 g6 3. Nc3 Bg7 4. e4 d6 5. f3 O-O 6. Be3 c5 7. d5 a6 8. Qd2 Qa5
9. Bd3 Nbd7 10. Nge2 Ne5 11. O-O Bd7 12. a4 Qb4 13. b3 Nxd3 14. Qxd3 Rab8 15.
Bd2 Qb6 16. a5 Qc7 17. Ra3 b5 18. axb6 Rxb6 19. Rfa1 Qb7 20. Nc1 Rb8 21. R1a2
Be8 22. N3e2 Nd7 23. Ba5 Ne5 24. Qc2 Bh6 25. Bxb6 Qxb6 26. Rxa6 Qb4 27. Kf2 Bd7
28. h3 f5 29. Ra7 fxe4 30. f4 Rf8 31. Qxe4 Bf5 32. Qe3 Bd7 33. Ra8 Be8 34. R8a7
g5 35. g3 gxf4 36. gxf4 Bh5 37. Rxe7 Qb8 38. Qg3+ Kh8 39. Raa7 Bg6 40. Rab7 Qc8
41. Ke1 Nf7 42. h4 1-0

[Event "Vamos a jugar !!!"]
[Site "http://www.queenalice.com/game.php?id=245049"]
[Date "2007.7.24"]
[Round "-"]
[White "catboom"]
[Black "RIVAS"]
[Result "1/2-1/2"]
[WhiteElo "1991"]
[BlackElo "1905"]

1. d4 Nf6 2. c4 c5 3. d5 e6 4. Nc3 exd5 5. cxd5 d6 6. e4 g6 7. f4 Bg7 8. Bb5+
Nfd7 9. a4 a6 10. Be2 O-O 11. Nf3 Re8 12. Qc2 Nf8 13. O-O Nbd7 14. Bd2 f5 15.
exf5 gxf5 16. Bd3 Nf6 17. Bxf5 Bxf5 18. Qxf5 Qd7 19. Qxd7 N6xd7 20. Rad1 Ng6 21.
Ng5 Bd4+ 22. Kh1 Ndf8 23. f5 Ne5 24. Ne6 Nxe6 25. fxe6 Ng4 26. Ne4 Ne3 27. Bxe3
Bxe3 28. Nf6+ Kh8 29. Nxe8 Rxe8 30. Rde1 Bg5 31. Rf7 Kg8 1/2-1/2

[Event "Challenge"]
[Site "http://www.queenalice.com/game.php?id=245072"]
[Date "2007.7.24"]
[Round "-"]
[White "REUSKING"]
[Black "catboom"]
[Result "0-1"]
[WhiteElo "1916"]
[BlackElo "2002"]

1. e4 e6 2. d4 d5 3. exd5 exd5 4. Bd3 Bd6 5. Ne2 Ne7 6. Bf4 Bf5 7. O-O O-O 8. c3
c6 9. Nd2 Bxd3 10. Bxd6 Qxd6 11. Re1 Bxe2 12. Rxe2 Nd7 13. Nf3 Ng6 14. g3 Rae8
15. Qd3 Rxe2 16. Qxe2 Nf6 17. Re1 h6 18. Qd2 Ne4 19. Qc2 f5 0-1

[Event "Challenge"]
[Site "http://www.queenalice.com/game.php?id=245158"]
[Date "2007.7.25"]
[Round "-"]
[White "fatharry"]
[Black "catboom"]
[Result "1-0"]
[WhiteElo "2094"]
[BlackElo "2012"]

1. e4 e6 2. d4 d5 3. Nc3 Bb4 4. Bd3 c5 5. exd5 Qxd5 6. Bd2 Bxc3 7. Bxc3 Qxg2 8.
Qf3 Qxf3 9. Nxf3 cxd4 10. Nxd4 Nf6 11. Rg1 Kf8 12. O-O-O Nbd7 13. Nb5 b6 14.
Bb4+ Nc5 15. Rg5 Nd7 16. Be4 Rb8 17. Nxa7 f6 18. Rg3 Kf7 19. Bc6 Ne5 20. Bb5 Ne4
21. Rg2 Bb7 22. f4 Ng6 23. f5 Nf4 24. Rd7+ 1-0

[Event "Challenge"]
[Site "http://www.queenalice.com/game.php?id=245178"]
[Date "2007.7.25"]
[Round "-"]
[White "catboom"]
[Black "willyanF"]
[Result "1-0"]
[WhiteElo "1938"]
[BlackElo "1920"]

1. d4 Nf6 2. c4 e6 3. Nc3 h6 4. Qc2 d5 5. Nf3 a6 6. Bf4 dxc4 7. a4 Bd7 8. e4 Bb4
9. Bxc4 O-O 10. O-O Bc6 11. Rfe1 Nbd7 12. Bd3 b5 13. axb5 axb5 14. Rxa8 Qxa8 15.
Bxc7 Rc8 16. Bf4 Nb6 17. Bd2 Nc4 18. Bxc4 bxc4 19. Ne5 Bxc3 20. bxc3 Bxe4 21.
Rxe4 Nxe4 22. Be1 Qa5 23. Qxe4 Qa1 24. Kf1 Rb8 25. Nxc4 Rb1 26. Qe3 Qa2 27. Nd2
Rb2 28. c4 Qa6 29. Qe2 Qd6 30. Qd3 Qxh2 31. d5 exd5 32. cxd5 Qh1+ 33. Ke2 Qh5+
34. f3 Qe5+ 35. Qe4 Qd6 36. Qe8+ Kh7 37. Qxf7 Rb5 38. Ne4 Qg6 39. Qxg6+ Kxg6 40.
d6 Rd5 41. Bg3 Kf5 42. Nc3 1-0

[Event "Challenge"]
[Site "http://www.queenalice.com/game.php?id=245796"]
[Date "2007.7.25"]
[Round "-"]
[White "catboom"]
[Black "Andromaca"]
[Result "1-0"]
[WhiteElo "1992"]
[BlackElo "1759"]

1. d4 d5 2. c4 e6 3. Nc3 Bb4 4. Nf3 Bxc3+ 5. bxc3 Nf6 6. Bg5 c6 7. e3 Nbd7 8.
Qc2 h6 9. Bh4 g5 10. Bg3 Ne4 11. Bd3 Nxg3 12. hxg3 f5 13. cxd5 cxd5 14. Bxf5
exf5 15. Qxf5 Nf6 16. Qg6+ Ke7 17. Qg7+ Kd6 18. Nxg5 Be6 19. Rxh6 Rxh6 20. Qxh6
Qe7 21. Nxe6 Qxe6 22. Rb1 b6 23. Qf4+ Kc6 24. Rc1 Kb5 25. Qf3 Rc8 26. Rb1+ Ka6
27. Qe2+ Kb7 28. Qd3 Ne4 29. Rc1 Rc4 30. Rc2 b5 31. a3 a5 32. f3 Nxg3 33. Kf2
Ne4+ 34. fxe4 dxe4 35. Qd2 Qf5+ 36. Ke1 Qh5 37. Qe2 Qh1+ 38. Qf1 Qxf1+ 39. Kxf1
Kb6 40. Ke2 b4 41. axb4 axb4 42. Kd2 b3 43. Rb2 1-0

[Event "Challenge #104"]
[Site "http://www.queenalice.com/game.php?id=245901"]
[Date "2007.7.26"]
[Round "-"]
[White "catboom"]
[Black "Kirkland"]
[Result "0-1"]
[WhiteElo "2017"]
[BlackElo "2346"]

1. d4 d5 2. c4 e6 3. Nc3 Nf6 4. Bg5 Be7 5. Nf3 Nbd7 6. e3 b6 7. cxd5 exd5 8. Qc2
Bb7 9. Bd3 O-O 10. O-O h6 11. Bh4 c5 12. Rac1 Rc8 13. Rfd1 Ne4 14. Bxe7 Qxe7 15.
Qb1 f5 16. Ne2 c4 17. Bc2 g5 18. g3 Rce8 19. Kg2 Nxf2 20. Bxf5 Nxd1 21. Rxd1 Qf6
22. Bxd7 Qxf3+ 23. Kh3 Re4 24. Qxe4 Qxe4 0-1

[Event "Challenge"]
[Site "http://www.queenalice.com/game.php?id=245929"]
[Date "2007.7.26"]
[Round "-"]
[White "catboom"]
[Black "kloosterveen"]
[Result "0-1"]
[WhiteElo "2016"]
[BlackElo "1927"]

1. d4 d5 2. c4 dxc4 3. Nf3 Nc6 4. Nc3 a6 5. a4 Na5 6. e4 Nb3 7. Rb1 Nxc1 8. Rxc1
c6 9. Bxc4 Qa5 10. O-O b5 11. axb5 axb5 12. Bxf7+ Kxf7 13. Ne5+ Ke8 14. Qh5+ g6
15. Nxg6 Nf6 16. Qh4 Rg8 17. Ne5 Qb4 18. Nxc6 Qxb2 19. e5 Rg4 20. Qh3 Rxd4 21.
Qe3 Rc4 22. Nxe7 Ng4 23. Qb6 Bxe7 24. Qxb5+ Qxb5 25. Nxb5 Rxc1 26. Rxc1 Kf8 27.
Nc7 Ra5 28. f4 Rc5 29. Rxc5 Bxc5+ 30. Kh1 Nf2+ 31. Kg1 Nh3+ 32. Kh1 Nxf4 33. h4
Bb7 34. Kh2 Nxg2 35. Ne6+ Ke7 36. Nxc5 Bd5 37. Kg3 h5 38. Na6 Ne3 39. Kf4 Nc4
0-1

[Event "Vamos ! ! !"]
[Site "http://www.queenalice.com/game.php?id=246491"]
[Date "2007.7.27"]
[Round "-"]
[White "catboom"]
[Black "Pato"]
[Result "0-1"]
[WhiteElo "2032"]
[BlackElo "2044"]

1. d4 Nf6 2. c4 e5 3. dxe5 Ng4 4. Nf3 Bc5 5. e3 Nc6 6. Be2 O-O 7. O-O Re8 8. Nc3
a5 9. b3 Ncxe5 10. Nxe5 Nxe5 11. Bb2 Ra6 12. Ne4 Ba7 13. Qd2 Rh6 14. g3 d6 15.
Bxe5 Rxe5 16. Bf3 Bf5 17. Nc3 Qg5 18. Qe2 c6 19. Rad1 Rhe6 20. h4 Qe7 21. Kg2 h6
22. Qb2 g5 23. hxg5 hxg5 24. g4 Bg6 25. Rh1 Rf6 26. Qd2 Qe6 27. Rh3 Bc5 28. Rdh1
Bb4 29. Qb2 Rxf3 30. Kxf3 f5 31. gxf5 Qxf5+ 32. Kg2 Qd3 33. Nd1 g4 34. Rg3 Be4+
35. f3 Bxf3+ 36. Rxf3 gxf3+ 37. Kf2 Bd2 38. Rg1+ Kf7 39. Rf1 Qe2+ 40. Kg3 Qg2+
41. Kf4 Qg5+ 42. Kxf3 Rf5+ 43. Ke2 Qg4+ 44. Kxd2 Rxf1 45. Qd4 Rxd1+ 0-1

[Event "Challenge"]
[Site "http://www.queenalice.com/game.php?id=248477"]
[Date "2007.7.31"]
[Round "-"]
[White "catboom"]
[Black "Miguelname"]
[Result "0-1"]
[WhiteElo "1944"]
[BlackElo "2191"]

1. d4 d5 2. c4 dxc4 3. Nf3 a6 4. e4 b5 5. a4 Bb7 6. axb5 axb5 7. Rxa8 Bxa8 8.
Nc3 e6 9. Nxb5 Bxe4 10. Bxc4 Bb4+ 11. Nc3 Ne7 12. Be3 O-O 13. O-O Bxc3 14. bxc3
Nd7 15. Nd2 Bg6 16. Qb3 Nb6 17. Be2 Nbd5 18. c4 Nxe3 19. fxe3 c5 20. Nf3 Qc7 21.
Rb1 Bxb1 22. Qxb1 Nf5 0-1

[Event "Challenge"]
[Site "http://www.queenalice.com/game.php?id=250952"]
[Date "2007.8.4"]
[Round "-"]
[White "catboom"]
[Black "Inaki"]
[Result "0-1"]
[WhiteElo "1988"]
[BlackElo "1890"]

1. d4 d5 2. c4 e5 3. dxe5 d4 4. Nf3 Nc6 5. g3 Nge7 6. Bg2 Ng6 7. Bg5 Qd7 8. O-O
h6 9. Bf4 Nxf4 10. gxf4 g5 11. e3 dxe3 12. fxe3 Qxd1 13. Rxd1 Bc5 14. Nd4 Bg4
15. Rd3 Nb4 16. Rd2 gxf4 17. exf4 O-O-O 18. a3 Rxd4 0-1

[Event "Challenge"]
[Site "http://www.queenalice.com/game.php?id=265626"]
[Date "2007.9.2"]
[Round "-"]
[White "jcmobregon"]
[Black "catboom"]
[Result "1-0"]
[WhiteElo "1981"]
[BlackElo "2008"]

1. e4 e6 2. d4 d5 3. Nd2 dxe4 4. Nxe4 Nd7 5. Bd3 Ngf6 6. Nf3 Be7 7. O-O b6 8.
Re1 Bb7 9. Qe2 O-O 10. Bf4 Re8 11. Ne5 h6 12. Rad1 Qc8 13. a3 c5 14. Nxd7 Nxd7
15. dxc5 Nxc5 16. Nxc5 Bxc5 17. Qg4 Kh8 18. Be5 1-0

[Event "Challenge"]
[Site "http://www.queenalice.com/game.php?id=268964"]
[Date "2007.9.9"]
[Round "-"]
[White "lesangesleader"]
[Black "catboom"]
[Result "1-0"]
[WhiteElo "1761"]
[BlackElo "1944"]

1. Nf3 Nf6 2. d4 g6 3. c4 Bg7 4. Nc3 d6 5. e4 O-O 6. Be2 Nbd7 7. O-O e5 8. d5
Ne8 9. Bg5 Bf6 10. Bh6 Ng7 11. Qd2 a5 12. a4 Nc5 13. Qc2 Bd7 14. Nd2 c6 15. f4
1-0

[Event "Challenge"]
[Site "http://www.queenalice.com/game.php?id=273685"]
[Date "2007.9.18"]
[Round "-"]
[White "corinthians2"]
[Black "catboom"]
[Result "1-0"]
[WhiteElo "2123"]
[BlackElo "1953"]

1. d4 e6 2. Nf3 d5 3. e3 f5 4. c4 c6 5. Nc3 Nf6 6. Qc2 Be7 7. Bd3 Ne4 8. O-O Nd7
9. b3 Ndf6 10. Bb2 O-O 11. Ne5 Bd7 12. f3 1-0